So sánh dị bản Truyện Kiều
.
Đã lưu trong:
| Tác giả chính: | |
|---|---|
| Định dạng: | Sách |
| Ngôn ngữ: | Vietnamese |
| Được phát hành: |
H.
Hội nhà văn
2006
|
| Những chủ đề: | |
| Các nhãn: |
Thêm thẻ
Không có thẻ, Là người đầu tiên thẻ bản ghi này!
|
| Thư viện lưu trữ: | Mạng thư viện Đại học Đà Nẵng |
|---|
| LEADER | 01052nam a2200349 4500 | ||
|---|---|---|---|
| 001 | 000004614 | ||
| 003 | 754 | ||
| 005 | 20120410140406.0 | ||
| 008 | 110729s2006 viesd | ||
| 020 | |c 66500 | ||
| 041 | 0 | |a vie | |
| 082 | |a 895.922 |b LÊ-Q | ||
| 100 | 0 | |a Lê Quế | |
| 245 | 0 | |a So sánh dị bản Truyện Kiều |c Lê Quế | |
| 260 | |a H. |b Hội nhà văn |c 2006 | ||
| 300 | |a 555 tr. |c 21 cm | ||
| 520 | |a . | ||
| 653 | |a Truyện Kiều | ||
| 653 | |a Lê Quế | ||
| 653 | |a Nguyễn Du | ||
| 653 | |a Nghiên cứu | ||
| 910 | |a Tăng Thị Thu Sương |d 29/7/2011 | ||
| OWN | |a LSP | ||
| AVA | |a UDN50 |b LSP |d 895.922 LÊ-Q |e available |t Error 5001 Not defined in file expand_doc_bib_avail. |f 10 |g 0 |h N |i 0 |k 1 | ||
| 999 | |a From the UDN01 | ||
| AVA | |a UDN50 |b LSP |d 895.922 LÊ-Q |e available |t Error 5001 Not defined in file expand_doc_bib_avail. |f 10 |g 0 |h N |i 0 |k 1 | ||
| TYP | |a Monograph | ||
| TYP | |a Printed language | ||
| 980 | |a Mạng thư viện Đại học Đà Nẵng | ||